載入...

Articles on development

Lineages of the developmentalist state :transnationality and village India,1900-1965. Anthropology and development tha making and marketing of participatory development

書目詳細資料
主要作者: Subir Sinha
格式: Printed Book
主題:
LEADER 00581nam a22001337a 4500
082 |a 338.9  |b ART 
100 |a Subir Sinha 
245 |a Articles on development 
500 |a Articles collected from journals 
520 |a Lineages of the developmentalist state :transnationality and village India,1900-1965. Anthropology and development tha making and marketing of participatory development 
650 |a Development economics 
942 |c BK 
999 |c 102030  |d 102030 
952 |0 0  |1 0  |4 0  |6 338_900000000000000_ART  |7 0  |9 95776  |a SSS  |b SSS  |c PROC  |d 2013-02-12  |l 0  |o 338.9 ART  |p SSSG173  |r 2013-02-12  |w 2013-02-12  |y BK